000 00449nam a2200181Ia 4500
001 25398
003 IN-NITTTR
005 20251114233322.0
008 251113s9999||||xx |||||||||||||| ||eng||
040 _beng
040 _cIN-NITTTR
041 _aeng
082 _a530 K636P
100 _aKirkpatrick, Larry D.
245 0 _aPhysics :
_b a world view /
_cKirkpatrick, Larry D., Wheeler, Gerald
700 _a Wheeler, Gerald
942 _2ddc
_cBK
999 _c28027
_d28027